Object-oriented programming : (Record no. 2388)
[ view plain ]
| 000 -LEADER | |
|---|---|
| fixed length control field | 00726nam a22002172 4500 |
| 001 - CONTROL NUMBER | |
| control field | 0000004022 |
| 005 - DATE AND TIME OF LATEST TRANSACTION | |
| control field | 20151217145750.0 |
| 008 - FIXED-LENGTH DATA ELEMENTS--GENERAL INFORMATION | |
| fixed length control field | 070517s xx 000 0 eng d |
| 020 ## - INTERNATIONAL STANDARD BOOK NUMBER | |
| International Standard Book Number | 8120312589 : |
| Terms of availability | GBP 11.99 |
| 040 ## - CATALOGING SOURCE | |
| Original cataloging agency | KABU |
| Transcribing agency | KABU |
| 050 #0 - LIBRARY OF CONGRESS CALL NUMBER | |
| Classification number | QA76.64 |
| Item number | .S46 |
| 100 1# - MAIN ENTRY--PERSONAL NAME | |
| Personal name | Sengupta, Probal. |
| -- | 0000154350 |
| 245 10 - TITLE STATEMENT | |
| Title | Object-oriented programming : |
| Remainder of title | fundamentals and application / |
| Statement of responsibility, etc. | Probal Sengupta, Bidyut Baran Chaudhuri. |
| 260 ## - PUBLICATION, DISTRIBUTION, ETC. (IMPRINT) | |
| Place of publication, distribution, etc. | New Delhi : |
| Name of publisher, distributor, etc. | Prentice Hall, |
| Date of publication, distribution, etc. | 1998. |
| 300 ## - PHYSICAL DESCRIPTION | |
| Extent | xi, 258 p. |
| 650 #0 - SUBJECT ADDED ENTRY--TOPICAL TERM | |
| Topical term or geographic name as entry element | Object oriented programming (Computer science) |
| -- | 0000148166 |
| 700 1# - ADDED ENTRY--PERSONAL NAME | |
| Personal name | Chaudhuri, Bidyut Baran. |
| -- | 0000154351 |
| 908 ## - PUT COMMAND PARAMETER (RLIN) | |
| Put command parameter | 070517 |
| 950 ## - LOCAL HOLDINGS (RLIN) | |
| -- | 1 |
| Withdrawn status | Lost status | Source of classification or shelving scheme | Not for loan | Home library | Current library | Date acquired | Total Checkouts | Total Renewals | Full call number | Barcode | Date last seen | Date last checked out | Price effective from | Koha item type |
|---|---|---|---|---|---|---|---|---|---|---|---|---|---|---|
| Library of Congress Classification | Kabarak, Main Campus | Kabarak, Main Campus | 17/12/2015 | 3 | 1 | QA76.64 .S46 | 004366 | 06/12/2019 | 05/12/2019 | 17/12/2015 | General Collection |